رسائل الإخاء / (رقم التسجيلة. 5680)

تفاصيل مارك
000 -الفاتح
عناصر البيانات ثابتة الطول 00675cam a2200205 i 4500
005 - تاريخ ووقت آخر معاملة
حقل ضبط 20251119105941.0
008 - عناصر البيانات ثابتة الطول
عناصر البيانات ثابتة الطول 250721s1992 ku gr 000 0 ara d
020 ## - الترقيم الدولي المعياري للكتب (ردمك)
الترقيم الدولي المعياري للكتب (ردمك) 9771500510
082 14 - رقم تصنيف ديوي العشري
رقم التصنيف 210.4
رقم المادة ن و ر
100 1# - مدخل رئيسي – اسم شخصي
الاسم الشخصي النوري، نادر
علاقة الشخص بالعمل/ دوره مؤلف.
245 10 - بيان العنوان
العنوان رسائل الإخاء /
بيان المسؤولية تأليف نادر النوري ؛ مراجعة الدكتور عمر الأشقر.
250 ## - بيان الطبعة
بيان الطبعة الطبعة الثالثة.
264 31 - بيانات النشر، التوزيع…إلخ
مكان النشر، التوزيع...إلخ المنصورة :
اسم الناشر، الموزع...إلخ دار الوفاء،
تاريخ النشر، التوزيع...إلخ 1992.
300 ## - الوصف المادي
عدد الوحدات المكونة للوعاء 121 صفحة.
650 17 - مدخل إضافي بالموضوع - مصطلح موضوعي
مصطلح موضوعي أو اسم جغرافي كعنصر مدخل الإسلام.
650 17 - مدخل إضافي بالموضوع - مصطلح موضوعي
مصطلح موضوعي أو اسم جغرافي كعنصر مدخل الرسائل.
650 17 - مدخل إضافي بالموضوع - مصطلح موضوعي
مصطلح موضوعي أو اسم جغرافي كعنصر مدخل المقالات.
942 ## - بيانات إضافية (كوها)
نوع التنصيف Dewey Decimal Classification
نوع المادة (كوها) كتب
المقتنيات
حالة السحب حالة الفقدان مصدر التصنيف حالة التلف غير قابل للإعارة المكتبة الرئيسية المكتبة الحالية موقع الرف تاريخ التزويد الرقم المتسلسل Total Checkouts رقم الإستدعاء الباركود تاريخ آخر ظهور تاريخ الفاتورة نوع المادة (كوها)
    Dewey Decimal Classification     المكتبة المركزية المكتبة المركزية الإعارة 06/07/2004 227747   210.4 / ن و ر 227747 28/07/2025 06/07/2004 كتب
    Dewey Decimal Classification Unchecked   مكتبة الجويدة مكتبة الجويدة الإعارة 06/07/2004 5385   210.4/نور   28/07/2025 06/07/2004 كتب
    Dewey Decimal Classification     مكتبة النصر العامة مكتبة النصر العامة الإعارة 09/10/2014 7978   210.4/نور PLD00308282 28/07/2025 09/10/2014 كتب
    Dewey Decimal Classification     مكتبة صويلح العامة مكتبة صويلح العامة الإعارة 25/07/2015 [11375   210.4/نور PLD00341757 28/07/2025 25/07/2015 كتب
    Dewey Decimal Classification Unchecked   مكتبة وادي السير العامة مكتبة وادي السير العامة الإعارة 06/07/2004 6188   210.4/نور   28/07/2025 06/07/2004 كتب
Implemented & Customized by: BBB with SCIT (Smart Chains for Information Technology)

Powered by Koha